000 00652cam a22002293a 4500
001 23101
003 PGUSA
005 20140828083507.0
008 071022s2007||||xxu|||||s|||||000 | eng d
040 _aPGUSA
_beng
042 _adc
050 4 _aRZ
100 1 _aCutten, George Barton,
_d1874-1962
245 1 0 _aThree Thousand Years of Mental Healing
_h[electronic resource] /
_cGeorge Barton Cutten
260 _bProject Gutenberg,
_c2007
506 _aPublic domain in the USA.
516 _aElectronic text
653 _aMental healing
830 0 _aProject Gutenberg
_v23101
856 4 0 _uhttp://www.gutenberg.org/ebooks/23101
942 _cEB
999 _c252356
_d252356